<?xml version="1.0" encoding="UTF-8"?>
<collection xmlns="http://www.loc.gov/MARC21/slim">
 <record>
  <leader>00676cam a2200193 7i4500</leader>
  <controlfield tag="001">0000010947</controlfield>
  <controlfield tag="005">20150325090000.0</controlfield>
  <controlfield tag="003">  iicp-my</controlfield>
  <controlfield tag="005">  20040212155300.0</controlfield>
  <controlfield tag="008">040210                       000 0 eng d</controlfield>
  <datafield tag="020" ind1=" " ind2=" ">
   <subfield code="a">9837428562 </subfield>
  </datafield>
  <datafield tag="039" ind1=" " ind2="9">
   <subfield code="a">200402121553</subfield>
   <subfield code="b">muna</subfield>
   <subfield code="c">200402121552</subfield>
   <subfield code="d">muna</subfield>
   <subfield code="c">200402121425</subfield>
   <subfield code="d">muna</subfield>
   <subfield code="y">200402101620</subfield>
   <subfield code="z">Yusnizam</subfield>
  </datafield>
  <datafield tag="090" ind1="0" ind2="0">
   <subfield code="a">428.2076 </subfield>
   <subfield code="b">MAJ</subfield>
  </datafield>
  <datafield tag="100" ind1="1" ind2=" ">
   <subfield code="a">Majlis Peperiksaan Malaysia </subfield>
  </datafield>
  <datafield tag="245" ind1="0" ind2="0">
   <subfield code="a">Koleksi kertas soalan MUET (800) : </subfield>
   <subfield code="b">May 2002  </subfield>
   <subfield code="c">by Majlis Peperiksaan Malaysia.</subfield>
  </datafield>
  <datafield tag="260" ind1=" " ind2=" ">
   <subfield code="a">Kuala Lumpur: </subfield>
   <subfield code="b">Pearson, </subfield>
   <subfield code="c">2003.</subfield>
  </datafield>
  <datafield tag="300" ind1=" " ind2=" ">
   <subfield code="a">p.; </subfield>
   <subfield code="c">cm. +.</subfield>
  </datafield>
  <datafield tag="650" ind1=" " ind2="0">
   <subfield code="a">English language -- </subfield>
   <subfield code="x">Examinations, questions, etc. </subfield>
  </datafield>
  <datafield tag="999" ind1=" " ind2=" ">
   <subfield code="a">1000018719</subfield>
   <subfield code="b">Book</subfield>
   <subfield code="c">Open Shelf</subfield>
  </datafield>
 </record>
</collection>
